Word Ladder: Elementary Particles Quiz Stats

Quiz Updated Jul 18, 2016

Challenge
Share
Tweet
Embed
Score 0/23 Timer 03:00
0 Plays Today
Hint 4-Letter Word % Correct
Earth's natural satelliteMOON
97.1%
Halloween face covererMASK
95%
Seven daysWEEK
94.8%
Front-line piece in chessPAWN
94.7%
MorningDAWN
94.3%
Animal feetPAWS
94%
Take a quick lookPEEK
93.3%
Actor Hamill or Harmon, e.g.MARK
92.7%
An urban green spacePARK
92%
What you do to 'GO' to collect $200PASS
91.8%
A group that works toward a common goalTEAM
90.5%
'Milk' actor PennSEAN
90.4%
Hint 4-Letter Word % Correct
The meeting point of fabrics sown togetherSEAM
89.4%
Approaching an upcoming timeSOON
89.2%
A benefit of workingPERK
88.9%
✺ Elementary particle property ✺✺MASS✺
88.6%
A fine wood for furnitureTEAK
85.2%
✺ One of the four fundamental forces ✺✺WEAK✺
85.1%
✺ One of the flavors of quarks ✺✺DOWN✺
84.3%
Sprinkled seeds over landSOWN
84.1%
A bridge or to bridgeSPAN
63.9%
✺ Elementary particle property ✺✺SPIN✺
38.7%
✺ Elementary particle represented by μ ✺✺MUON✺
34.7%

Today's Daily Dose

You're not logged in!

Compare scores with friends on all Sporcle quizzes.
Join for Free
OR
Log In

You Might Also Like...

Show Comments

Extras

Top Quizzes Today


Score Distribution

Your Account Isn't Verified!

In order to create a playlist on Sporcle, you need to verify the email address you used during registration. Go to your Sporcle Settings to finish the process.

Report this User

Report this user for behavior that violates our Community Guidelines.

Details: